Jurisprudencia de la Corte Suprema de Justicia (Record no. 85509)

MARC details
000 -LEADER
campo de control de longitud fija 00641nam a2200181 i 4500
001 - NÚMERO DE CONTROL
campo de control 85509
003 - IDENTIFICADOR DE NÚMERO DE CONTROL
campo de control ES-MaACL
005 - FECHA Y HORA DE LA ÚLTIMA TRANSACCIÓN
campo de control 20230906175244.0
007 - CAMPO FIJO DE DESCRIPCIÓN FÍSICA--INFORMACIÓN GENERAL
campo de control de longitud fija t|
008 - DATOS DE LONGITUD FIJA--INFORMACIÓN GENERAL
campo de control de longitud fija 041128m19211924pn ||||1| spa d
245 00 - MENCIÓN DEL TÍTULO
Título Jurisprudencia de la Corte Suprema de Justicia
Resto del título : 1903-1923 /
Mención de responsabilidad, etc. extractada, compilada y arreglada por orden alfabético / Augusto A. Cervera.
260 ## - PUBLICACIÓN, DISTRIBUCIÓN, ETC.
Lugar de publicación, distribución, etc. Panamá :
Nombre del editor, distribuidor, etc. [s.n.],
Fecha de publicación, distribución, etc. 1921-1924 (
Fabricante Imp. Moderna)
300 ## - DESCRIPCIÓN FÍSICA
Extensión 1 v. ;
Dimensiones 25 cm.
650 #4 - PUNTO DE ACCESO ADICIONAL DE MATERIA--TÉRMINO DE MATERIA
Término de materia o nombre geográfico como elemento de entrada Procedimiento penal-
Subdivisión geográfica Panamá-
Subdivisión de forma Jurisprudencia.
9 (RLIN) 153663
700 1# - ENTRADA AGREGADA--NOMBRE PERSONAL
Nombre de persona Cervera, Augusto A.
9 (RLIN) 37626
700 1# - ENTRADA AGREGADA--NOMBRE PERSONAL
Nombre de persona Herrera L., Manuel A.
9 (RLIN) 63224
852 ## - LOCALIZACIÓN
Ubicación ES-MaACL
Número de control de estantería B-13043
Holdings
Estatus retirado Estado de pérdida Estado de daño No para préstamo Biblioteca de origen Biblioteca actual Ubicación en estantería Fecha de adquisición Fuente de adquisición Total de préstamos Signatura topográfica completa Código de barras Visto por última vez Precio de reemplazo Tipo de ítem Koha
        Biblioteca del Ateneo de Madrid Biblioteca del Ateneo de Madrid Sala Pardo Bazán 17/01/2008     B-13043 1089352 23/02/2023 23/02/2023 Libro impreso